1882 1326 1773 1164 1079 1262 1418 1905 1596 1454 1853 1712 1082 1472 1906 1688 1878 1997 1318 1860 1914 1422 1930 1427 1870 1695 1943 1865 1101 1949 1453 1795 1650 1982 1952 1365 1964 1196 1114 1418 1504 1707 1520 1473 1909 1629 1057 1693 1215 1675 1516 1031 1828 1372 1850 1927 1904 1801 1205 1045 1695 1475 1098 1459 1844 1480 1174 1840 1738 1945 1002 1943 1506 1330 1017 1825 1050 1464 1469 1462 1056 1673 1453 1233 1724 1780 1050 1632 1466 1267 1337 1195 1391 1536 1582 1172 1941 1870 1357 BCNSPRNW ULIB Ver.6.0+V

เปลี่ยนเป็นภาษาไทย

Change to English
 แสดงรายละเอียดบรรณานุกรม
  กลับหน้าหลัก

Brief Record : Get Marc (ISO 2709) : E-mail record : QR code < ปิดหน้าต่าง
LEADER : 00000nam 2200000uu 4500
001    13399115050
003     ULIB
008    120705s2549||||th 000 0 tha d
020    ^a9789749418123
060 04 ^aQW50^bภ365ต 2549
100 0  ^aภัทรชัย กีรติสิน
245 10 ^aตำราวิทยาแบคทีเรียการแพทย์ =^bTextbook of medical
246 31 ^aTextbook of medical bacteriology
250    ^aพิมพ์ครั้งที่ 1
260    ^aกรุงเทพฯ :^bภาควิชาจุลชีววิทยา คณะแพทยศาสตร์ศิริราชพยาบาล,^c2549
300    ^axiv, 703 หน้า :^bภาพประกอบสี ;^c27 ซม
500    ^aSend to Single Search
504    ^aมีบรรณานุกรมและดัชนี
586    ^aหนังสือได้รับรางวัลประเภทชมเชย รางวัลตำราศิริราช-มหิดล ปี
650  4 ^aแบคทีเรีย
650  4 ^aแบคทีเรีย, การติดเชื้อ
650  4 ^aการดื้อยาของจุลชีพ
650  4 ^aรางวัลตำราศิริราช-มหิดล
653    ^aผลงานอาจารย์คณะแพทยศาสตร์ศิริราชพยาบาล
710 2  ^aมหาวิทยาลัยมหิดล. ^bคณะแพทยศาสตร์ศิริราชพยาบาล.
945    ^p0^l0^i24735
995    ^aกัณชพร
999 ^a ใช้งานได้ทุกระบบ
รายการนี้ยังไม่มีแท็ก
คุณยังไม่ได้ล็อกอิน คุณสามารถมีกิจกรรมร่วมกับเว็บไซต์ได้ แต่ต้องล็อกอินก่อน ::
  ล็อกอิน

รายการสื่อสารสนเทศ

ลำดับที่ ประเภท เลขเรียก/บาร์โค้ด สถานที่ สถานะ
- ไม่พบข้อมูล -

รายการใกล้เคียง
    ผู้แต่ง [ภัทรชัย กีรติสิน]

    หัวเรื่อง [แบคทีเรีย]
    หัวเรื่อง [แบคทีเรีย, การติดเชื้อ]
    หัวเรื่อง [รางวัลตำราศิริราช-มหิดล]

BibComment


ยังไม่เคยถูกคอมเมนท์

คอมเมนท์ทรัพยากรรายการนี้
  คอมเมนท์: ตำราวิทยาแบคทีเร..


 Copyright 2026. Bcnsprnw @Library